Culture Générale - Série 80 - Statistiques

Statistiques générales
  • Ce quiz a été pris 890 fois
  • Le résultat moyen est 6 sur 10
Statistiques - réponses
Question Réponse % Correct
Quelle couleur qualifie habituellement la ville de Toulouse ? Rose
98%
Dans quel jeu télévisé faut-il éviter de tirer des boules noires ? Motus
73%
Dans quel art Fernand Léger s'est-il illustré ? Peinture
68%
Selon la mythologie, qui est le père de Télémaque ? Ulysse
64%
Quel était le titre de noblesse de La Fayette ? Marquis
60%
Aux USA, quelle est la principale base de lancement d'engins spatiaux ? Cap Canaveral
51%
Comment appelle-t-on les habitants de la ville de Saint-Malo ? Malouins
43%
Qui est l'auteur de "la Critique de la raison pure" ? Emmanuel Kant
42%
Quel groupe réunissait Filip Nikolic, Frank Delhaye et Adel Kachermi ? 2be3
38%
Qui est immortel dans le film "Highlander" ? Christophe Lambert
25%
Aucun quiz correspondant
Distribution des résultats
% des personnes avec chaque résultat
Percentile par nombre de réponses
Votre historique - résultats
Vous n’avez pas pris ce quiz